Представление документа в формате MARC21

Поле Инд. ПП Название Значение
Тип записи a
Библиографический уровень m
001 Контрольный номер RU/IS/BASE/421149359
005 Дата корректировки 20140703210733.1
040 a Служба первич. каталог. НБ ТвГУ
b Код языка каталог. rus
e Правила каталог. PSBO
041 0_ a Код языка текста rus
080 a Индекс УДК 115(043.3)
084 a Индекс другой классификации/Индекс ББК С021я031
090 a Полочн. индекс С021
x Авторский знак Л 63
100 1_ a Автор Листвина Нонна Ивановна
q Полное имя Листвина Н. И.
245 10 a Заглавие Время и общественное развитие
b Продолж. заглавия автореф. ... к.филос.н. : 09.00.01
c Ответственность М-во высш. и сред. спец. образования РСФСР, Сарат. гос. ун-т им. Н. Г. Чернышевского
260 a Место издания Саратов
c Дата издания 1975
300 a Объем 22 с.
500 a Примечание На правах рукоп.
504 a Библиография Библиогр. в конце кн. и в подстроч. примеч.
653 a Ключевые слова Авторефераты
a Ключевые слова Время (филос.)
a Ключевые слова Социальная философия
a Ключевые слова Социальное время
a Ключевые слова Философия
901 t Тип документа m
920 a Оператор Семен
a Оператор Густ
930 a Новая/Ретро авторефераты
952 c Вид литературы А/Р н
954 a Дата поступления на обработку 20130517
b Дата поступления в ОК 20130507